000 00303nam a2200097Ia 4500
001 1225749
005 20250827092951.0
008 250824s9999 xx 000 0 und d
245 0 _aTAMAM SÜPER GÜÇLERİM OLDUĞUNU KABUL EDİYORUMM
_cJAMIE KELLY
260 _bALTIN KİTAPLAR YAYINLARI
999 _c1225749
_d1225749